000 00211 a2200097 4500
001 7943
100 _aNayler, J L
245 _aDictionary of Aeronautical engineering
260 _a
_bNe
_c
090 _c6369
_d6369
942 _aNUST-CAE
_cM
_c32899
999 _c243016
_d243016